Arcane 17
Gorde:
| Egile nagusia: | |
|---|---|
| Formatua: | Liburua |
| Hizkuntza: | Undetermined |
| Argitaratua: |
París, Francia
Union Générale d'editions
1965
|
| Gaiak: | |
| Etiketak: |
Etiketa erantsi
Etiketarik gabe, Izan zaitez lehena erregistro honi etiketa jartzen!
|
MARC
| LEADER | 00000nam a2200000Ia 4500 | ||
|---|---|---|---|
| 008 | 170316s9999 xx 000 0 und d | ||
| 040 | |a cru BVZT | ||
| 090 | |a 840 B-28a | ||
| 100 | |a Breton, André | ||
| 245 | |a Arcane 17 | ||
| 260 | |a París, Francia | ||
| 260 | |b Union Générale d'editions | ||
| 260 | |c 1965 | ||
| 300 | |a 183 páginas | ||
| 650 | |a LITERATURA FRANCESA | ||
| 999 | |c 7511 |d 7511 | ||
| 942 | |c 15 D |h 840 B-28a |2 z | ||
